| 000 | 00995nam a22002537a 4500 | ||
|---|---|---|---|
| 005 | 20180305111809.0 | ||
| 010 | _a1516EN07 ENG-116394 | ||
| 020 |
_a9788129136848 _c295.00 |
||
| 035 | _aB-605345-370 | ||
| 035 | _aEN-99926 | ||
| 035 | _aB-664960 | ||
| 037 |
_adpl _bUppal/Ven |
||
| 037 | _bDBAD/PUB | ||
| 082 | _a915.4 | ||
| 100 |
_aLang, John _dl |
||
| 245 |
_aWanderings in India and other sketches of life in, Hindostan/ _cby John Lang; introduction by Ruskin Bond |
||
| 260 |
_aNew Delhi _bRupa Pub. _c2015 |
||
| 270 |
_a7/16, Ansari Road, Daryaganj _bNew Delhi _e110002 |
||
| 300 |
_a436p. _c17cm(pbk) |
||
| 700 | _aBond, Ruskin | ||
| 942 |
_2ddc _cEN _h915.4 _mLAN |
||
| 999 |
_c96145 _d96145 |
||